[Event "Budapest FS04 GM"]
[Site "Budapest"]
[Date "1997.??.??"]
[Round "11"]
[White "Lengyel, Bela"]
[Black "Csom, Istvan"]
[Result "1/2-1/2"]
[WhiteElo "2375"]
[BlackElo "2460"]

1.e4 c5 2.Nf3 d6 3.Bb5+ Bd7 4.Qe2 Bxb5 5.Qxb5+ Qd7 6.Qxd7+ Nxd7 7.c4 g6 8.Nc3 Bg7
9.d3 Ngf6 10.Be3 Ng4 11.Ke2 Nxe3 12.fxe3 O-O 13.Rab1 Bxc3 14.bxc3 b6 15.a4 a5
16.Rhf1  1/2-1/2

[Event "Najdorf"]
[Site "Buenos Aires"]
[Date "1997.??.??"]
[Round "1"]
[White "Ricardi, Pablo"]
[Black "Wolff, Patrick G"]
[Result "0-1"]
[WhiteElo "2575"]
[BlackElo "2575"]

1.e4 c5 2.Nf3 d6 3.Bb5+ Bd7 4.Bxd7+ Nxd7 5.O-O Ngf6 6.Qe2 e6 7.b3 Be7 8.Bb2 O-O
9.c4 a6 10.d4 cxd4 11.Nxd4 Qb6 12.Kh1 Qc5 13.f4 Rfe8 14.Nf3 b5 15.e5 Ng4
16.Nd4 dxe5 17.Nxe6 fxe6 18.Qxg4 Bf6 19.fxe5 Bxe5 20.Nc3 bxc4 21.Rad1 Qc7
22.bxc4 Rac8 23.h3 Nf6 24.Qe2 Bxc3 25.Bxc3 Qxc4 26.Qxc4 Rxc4 27.Bxf6 gxf6
28.Rxf6 Re7 29.Rd8+ Kg7 30.Rf3 e5 31.Rg3+ Kf6 32.Rf3+ Kg7 33.Rg3+ Kf6 34.Rf8+ Ke6
35.Ra3 Rc6 36.Ra8 Kd5 37.R8xa6 Rxa6 38.Rxa6 e4 39.Kg1 Rf7 40.Ra5+ Kd4 41.g4 e3  0-1

[Event "Buenos Aires sim"]
[Site "Buenos Aires"]
[Date "1997.??.??"]
[Round "1"]
[White "Ricardi, Pablo"]
[Black "Kasparov, Gary"]
[Result "1/2-1/2"]
[WhiteElo "2575"]
[BlackElo "2820"]

1.e4 c5 2.Nf3 d6 3.Bb5+ Bd7 4.Bxd7+ Qxd7 5.c4 Nc6 6.O-O g6 7.d4 cxd4 8.Nxd4 Bg7
9.Nc2 Rc8 10.Ne3 Ne5 11.Qe2 Qc6 12.Nd2 Nf6 13.f4 Ned7 14.Kh1 O-O 15.Rb1 a5
16.Nd5 Nxd5 17.exd5 Qa4 18.a3 Qc2 19.b3 Nc5 20.Qd1 Qxd1 21.Rxd1 a4 22.bxa4 Ra8
23.a5 Rxa5 24.Nb3 Nxb3 25.Rxb3 Rc8 26.Rxb7 Bf6 27.g4 h6 28.g5 hxg5 29.fxg5 Be5
30.Rxe7 Rxc4 31.Be3 Rxa3 32.Rxe5 dxe5 33.d6 Rxe3 34.d7 Re1+ 35.Rxe1 Rd4  1/2-1/2

[Event "Najdorf op"]
[Site "Buenos Aires"]
[Date "1997.??.??"]
[Round "8"]
[White "Tempone, Marcelo"]
[Black "Auciello, Sergio"]
[Result "1-0"]
[WhiteElo "2450"]
[BlackElo "2385"]

1.e4 c5 2.Nf3 d6 3.Bb5+ Bd7 4.Bxd7+ Nxd7 5.O-O Ngf6 6.Re1 e6 7.c3 Be7 8.d4 cxd4
9.cxd4 d5 10.e5 Ne4 11.Re2 g5 12.Nfd2 Nxd2 13.Qxd2 Rc8 14.Nc3 Nb8 15.Qd3 Nc6
16.Be3 a6 17.Rf1 Qb6 18.f4 gxf4 19.Rxf4 Bg5 20.Rg4 Bxe3+ 21.Qxe3 Ne7 22.Rf4 Rf8
23.Ref2 Rc7 24.h3 Qb4 25.Kh2 b5 26.Rh4 Qc4 27.Rxh7 b4 28.Na4 Nc6 29.Rh4 Qxa2
30.b3 Qb1 31.Nc5 Nd8 32.Rhf4 Qa1 33.Qd3 Rc6 34.Rc2 Qa5 35.Nb7 Qc7 36.Nd6+ Ke7
37.Rxc6 Qxc6 38.Rf2 Kd7 39.Ra2  1-0

[Event "Cairo-C op"]
[Site "Cairo"]
[Date "1997.??.??"]
[Round "2"]
[White "Abo Nar, Mohamed"]
[Black "Lendwai, Reinhard"]
[Result "0-1"]
[WhiteElo "2095"]
[BlackElo "2385"]

1.e4 c5 2.Nf3 d6 3.Bb5+ Nd7 4.O-O Nf6 5.Re1 e6 6.c3 a6 7.Bf1 Be7 8.d4 b5
9.Nbd2 Bb7 10.Bd3 cxd4 11.cxd4 e5 12.d5 O-O 13.Nf1 Re8 14.Ng3 g6 15.h3 Bf8
16.Bg5 h6 17.Be3 Rc8 18.Qd2 Kh7 19.Nh2 Bg7 20.a4 Nc5 21.Bxc5 Rxc5 22.axb5 axb5
23.b4 Rc8 24.Bxb5 Re7 25.Nhf1 h5 26.Ba6 h4 27.Nh1 Bh6 28.Qd3 Rec7 29.Bxb7 Rxb7
30.Rab1 Rcb8 31.Nh2 Rxb4 32.Rxb4 Rxb4 33.Nf3 Nd7 34.Qc3 Rb5 35.g3 hxg3 36.Nxg3 Nc5
37.Kg2 Qb6 38.Ra1 Rb2 39.Rf1 Qb5 40.Qa3 Bf4 41.Qa7 Kg7 42.Re1 Bxg3 43.Kxg3 Qd3
44.Qa1 Qc2 45.Rf1 Nxe4+ 46.Kg2 Nxf2  0-1

[Event "Goodricke op"]
[Site "Calcutta"]
[Date "1997.??.??"]
[Round "1"]
[White "Nguyen Anh Dung"]
[Black "Ooi Chern Ee"]
[Result "1-0"]
[WhiteElo "2465"]
[BlackElo "2305"]

1.e4 c5 2.Nf3 d6 3.Bb5+ Bd7 4.Bxd7+ Qxd7 5.O-O Nc6 6.Nc3 Nf6 7.Re1 e6 8.d3 Be7
9.Bf4 O-O 10.e5 dxe5 11.Nxe5 Nxe5 12.Bxe5 Qc6 13.Ne4 Nxe4 14.Rxe4 Rfd8 15.Qf3 Rd5
16.Rae1 Bf6 17.Bxf6 Rf5 18.Qh3 Rxf6 19.R1e3 Qb6 20.b3 Qa5 21.g4 Qxa2 22.g5 Rg6
23.Rg3 Rd8 24.Rh4 Rd5 25.Rxh7 Kf8 26.Rh8+ Ke7 27.Rb8 Qxc2 28.Qh8 Rgxg5 29.Qf8+ Kf6
30.Rxb7 Rxg3+ 31.hxg3 Qd1+ 32.Kg2 Qh5 33.Qe7+ Ke5 34.Qc7+ Kf6 35.Qe7+ Ke5
36.Rxa7 Kd4 37.Qe8 Kxd3 38.Qb5+ Ke4 39.Qc4+ Rd4 40.Qc2+ Ke5 41.Qxc5+ Rd5
42.Qc3+ Kf5 43.Qxg7 f6 44.Ra4 Qd1 45.g4+ Ke5 46.Qc7+  1-0

[Event "Goodricke op"]
[Site "Calcutta"]
[Date "1997.??.??"]
[Round "2"]
[White "Komliakov, Viktor"]
[Black "Deshmukh, Anup"]
[Result "1-0"]
[WhiteElo "2460"]
[BlackElo "2310"]

1.e4 c5 2.Nf3 d6 3.Bb5+ Nd7 4.O-O Nf6 5.Re1 g6 6.c3 Bg7 7.d4 cxd4 8.cxd4 O-O
9.a4 Nb8 10.Nc3 a6 11.Bf1 Nc6 12.d5 Nb8 13.h3 a5 14.Be3 Na6 15.Nd2 Nb4 16.Nc4 Nd7
17.Na2 Na6 18.Rb1 Ndc5 19.Bd2 b6 20.Bc3 Bd7 21.Bxg7 Kxg7 22.Nc3 Rb8 23.b3 f6
24.Re3 Nb4 25.Ne2 b5 26.axb5 Bxb5 27.Nd4 Bd7 28.Ra1 Ra8 29.Re1 Qc7 30.Qd2 Rfb8
31.Ra3 Kg8 32.h4 Kg7 33.Qe3 e5 34.dxe6 Nxe6 35.Rc1 Nc5 36.Nxd6 Qxd6 37.Rxc5 Re8
38.Raxa5 Rad8 39.Ra7 Kh8 40.Nf3 Nc6 41.Rd5 Qe6 42.Rc7 Ne7 43.Rd2  1-0

[Event "Goodricke op"]
[Site "Calcutta"]
[Date "1997.??.??"]
[Round "3"]
[White "Neelotpal, Das"]
[Black "Saravanan, V."]
[Result "0-1"]
[WhiteElo "2205"]
[BlackElo "2380"]

1.e4 c5 2.Nf3 d6 3.Bb5+ Nc6 4.O-O Bd7 5.Nc3 g6 6.Bxc6 Bxc6 7.d4 Bg7 8.Bg5 cxd4
9.Nxd4 Nf6 10.Qd2 O-O 11.Rfe1 Re8 12.Rad1 Qb6 13.Nb3 a5 14.a4 Qb4 15.Qe2 Nd7
16.Bd2 Qb6 17.Be3 Qb4 18.Bd4 e5 19.Be3 Bxe4 20.Nxe4 Qxe4 21.Rxd6 Nf6 22.Nc5 Qh4
23.f3 e4 24.Bf2 Qg5 25.Nxe4 Nxe4 26.fxe4 Bxb2 27.Rb6 Bc3 28.Reb1 Qe5 29.Rxb7 Qxe4
30.Qxe4 Rxe4 31.Rc7 Be5 32.Rc5 Bg7 33.c4 Re2 34.Rc7 Be5 35.Rcb7 Rd8 36.Bg3 Bxg3
37.hxg3 Rdd2 38.c5 Rxg2+ 39.Kf1 Rh2 40.Kg1 Rhg2+ 41.Kf1 Rh2 42.Kg1 Rdg2+
43.Kf1 Rc2 44.Kg1 Rhg2+ 45.Kf1 Rxg3 46.Rc7 Rgc3 47.Rb8+ Kg7 48.Rbb7 Rf3+
49.Kg1 Rf5 50.Rb5 Rc4 51.c6 Rf6 52.Rxa5 Rfxc6 53.Rd7 R6c5 54.Raa7 Rf5 55.Kg2  0-1

[Event "Goodricke op"]
[Site "Calcutta"]
[Date "1997.??.??"]
[Round "5"]
[White "Komliakov, Viktor"]
[Black "Szekely, Peter"]
[Result "1/2-1/2"]
[WhiteElo "2460"]
[BlackElo "2455"]

1.e4 c5 2.Nf3 d6 3.Bb5+ Bd7 4.Bxd7+ Qxd7 5.c4 Nf6 6.Nc3 Nc6 7.O-O g6 8.d4 cxd4
9.Nxd4 Bg7 10.Nde2 O-O 11.f3 e6 12.Bg5 h6 13.Be3 Rfd8 14.Qc1 Kh7 15.Rd1 Qe7
16.Rb1  1/2-1/2

[Event "Goodricke op"]
[Site "Calcutta"]
[Date "1997.??.??"]
[Round "6"]
[White "Neelotpal, Das"]
[Black "Tilak, Sharad S"]
[Result "0-1"]
[WhiteElo "2205"]
[BlackElo "2360"]

1.e4 c5 2.Nf3 d6 3.Bb5+ Bd7 4.Bxd7+ Nxd7 5.O-O Ngf6 6.Qe2 e6 7.b3 Be7 8.Bb2 O-O
9.d4 cxd4 10.Nxd4 a6 11.c4 Qb6 12.Rd1 Nc5 13.Nc3 Nfd7 14.Nc2 Ne5 15.Ne3 Bg5
16.Rd2 Qc6 17.Rad1 Rfd8 18.Rd4 b5 19.b4 Nb7 20.cxb5 axb5 21.Qxb5 Qxb5 22.Nxb5 Rxa2
23.Bc3 Rc8 24.Nxd6 Rxc3 25.Nxb7 h5 26.Kh1 Rxf2 27.Nf1 Rcc2 28.h4 Rxg2 29.R4d3 Nxd3
30.Rxd3 Rgf2 31.Kg1 Bxh4 32.Nc5 Rc1 33.Rd8+ Kh7  0-1

[Event "Goodricke op"]
[Site "Calcutta"]
[Date "1997.??.??"]
[Round "6"]
[White "Komliakov, Viktor"]
[Black "Kaiumov, Dmitry D"]
[Result "1/2-1/2"]
[WhiteElo "2460"]
[BlackElo "2450"]

1.e4 c5 2.Nf3 d6 3.Bb5+ Bd7 4.Bxd7+ Qxd7 5.c4 Nf6 6.Nc3 Nc6 7.O-O g6 8.d4 cxd4
9.Nxd4 Bg7 10.Nc2 O-O 11.Qe2 Rac8 12.Rb1  1/2-1/2

[Event "Goodricke op"]
[Site "Calcutta"]
[Date "1997.??.??"]
[Round "10"]
[White "Komliakov, Viktor"]
[Black "Saravanan, V."]
[Result "1-0"]
[WhiteElo "2460"]
[BlackElo "2380"]

1.e4 c5 2.Nf3 d6 3.Bb5+ Bd7 4.Bxd7+ Qxd7 5.c4 Nc6 6.Nc3 g6 7.d4 Bg7 8.Be3 cxd4
9.Nxd4 Nf6 10.f3 O-O 11.Nde2 e6 12.Qd2 Rfd8 13.Rd1 Qe7 14.Bg5 Rd7 15.O-O Qf8
16.f4 h6 17.Bh4 Re8 18.h3 Kh8 19.Kh1 Nh7 20.Nb5 g5 21.fxg5 hxg5 22.Bxg5 Nxg5
23.Qxg5 Bxb2 24.Nxd6 Red8 25.Rxf7 Rxf7 26.Nxf7+ Qxf7 27.Rxd8+ Nxd8 28.Qxd8+ Kg7
29.Qg5+ Kf8 30.Qf4  1-0

[Event "California-ch"]
[Site "California"]
[Date "1997.??.??"]
[Round "?"]
[White "Cartagena, Omar"]
[Black "Lobo, Richard"]
[Result "0-1"]
[WhiteElo "2425"]
[BlackElo "2335"]

1.e4 c5 2.Nf3 d6 3.Bb5+ Bd7 4.Bxd7+ Qxd7 5.O-O Nc6 6.c3 Nf6 7.Re1 e6 8.d4 cxd4
9.cxd4 d5 10.e5 Ne4 11.Be3 Be7 12.Re2 O-O 13.Ne1 f6 14.f3 Ng5 15.exf6 Bxf6
16.Nc3 Nf7 17.f4 Nd6 18.Nf3 Rf7 19.Bf2 h6 20.Qd3 Re8 21.Rae1 Rff8 22.a3 b6
23.g4 Bd8 24.Bg3 Nc4 25.g5 hxg5 26.Nxg5 Bxg5 27.fxg5 Nd6 28.Bxd6 Qxd6 29.Qh3 Nxd4
30.g6 Nxe2+ 31.Rxe2 Rf4 32.Nb5 Qc5+ 33.Kg2 Qxb5 34.Rxe6 Qxb2+  0-1

[Event "Cannes op 18th"]
[Site "Cannes"]
[Date "1997.??.??"]
[Round "3"]
[White "Shaked, Tal"]
[Black "Sokolov, Andrei"]
[Result "0-1"]
[WhiteElo "2445"]
[BlackElo "2580"]

1.e4 c5 2.Nf3 d6 3.Bb5+ Bd7 4.Bxd7+ Qxd7 5.O-O Nc6 6.b3 g6 7.c3 Bg7 8.d4 cxd4
9.cxd4 e6 10.Nc3 Nge7 11.Bb2 d5 12.e5 O-O 13.Na4 b6 14.Bc3 f6 15.exf6 Rxf6
16.b4 Raf8 17.b5 Nd8 18.Ne5 Qxb5 19.Nb2 Nf7 20.a4 Qe8 21.a5 b5 22.Nbd3 Nxe5
23.dxe5 Rf5 24.Qb3 a6 25.Bb4 R8f7 26.f4 h5 27.Qc3 g5 28.fxg5 Ng6 29.Bd6 Rxf1+
30.Rxf1 Rxf1+ 31.Kxf1 Qf7+ 32.Kg1 Qf5 33.g3 h4 34.Nf2 hxg3 35.hxg3 Nxe5  0-1

[Event "Wch U14"]
[Site "Cannes"]
[Date "1997.??.??"]
[Round "3"]
[White "Bhat, Vinay S"]
[Black "Paragua, Mark"]
[Result "0-1"]
[WhiteElo "2235"]
[BlackElo "2150"]

1.e4 c5 2.Nf3 d6 3.Bb5+ Nd7 4.O-O Nf6 5.d4 a6 6.Bxd7+ Nxd7 7.dxc5 Nxc5 8.Nc3 e6
9.Bg5 Qc7 10.Re1 f6 11.Bh4 b5 12.a3 Bb7 13.Qd2 Qf7 14.Nd4 Rd8 15.b4 e5 16.Nf5 Ne6
17.Nd5 Nc7 18.Rad1 Nxd5 19.exd5 Qh5 20.Nd4 Qxh4 21.Ne6 Be7 22.Qd3 Qc4 23.Qxc4 bxc4
24.Nxd8 Bxd8 25.Re4 Bb6 26.Rxc4 Kd7 27.a4 Bd4 28.Rcxd4 exd4 29.Rxd4 Rc8 30.c4 a5
31.b5 Re8 32.Kf1 Kc7 33.Rg4 g5 34.h4 h5 35.Rd4 Kb6 36.Rd3 g4 37.Rd4 f5 38.Rf4 Bc8
39.f3 gxf3 40.gxf3 Kc5 41.Kf2 Re7 42.Kf1 Re3  0-1

[Event "Cappelle op"]
[Site "Cappelle la Grande"]
[Date "1997.??.??"]
[Round "1"]
[White "Perdomo, Carlos Andres"]
[Black "Renet, Olivier"]
[Result "1-0"]
[WhiteElo "2330"]
[BlackElo "2505"]

1.e4 c5 2.Nf3 d6 3.Bb5+ Bd7 4.Bxd7+ Nxd7 5.d4 cxd4 6.Qxd4 Qb6 7.Qxb6 Nxb6
8.b3 d5 9.exd5 Nxd5 10.O-O Nb4 11.Na3 Rc8 12.Rd1 e6 13.c4 a6 14.Bb2 Nf6 15.Nd4 Bc5
16.Nac2 Ke7 17.Nxb4 Bxb4 18.Rd3 Rhd8 19.Rad1 Bc5 20.Kf1 Rd6 21.Ke2 Rcd8 22.a3 a5
23.f3 Nh5 24.g3 Rc8 25.Bc3 Ra8 26.b4 axb4 27.axb4 Bxd4 28.Bxd4 Ke8 29.Ke3 Nf6
30.b5 Ra4 31.Bc3 Rxd3+ 32.Kxd3 Ra3 33.Ra1 Rxa1 34.Bxa1 Ke7 35.Bxf6+ Kxf6
36.Kd4 Ke7 37.Kc5 f5 38.Kb6 Kf6 39.c5  1-0

[Event "ITA-chJ"]
[Site "Cerro"]
[Date "1997.??.??"]
[Round "?"]
[White "Aranovitch, Emiliano"]
[Black "Vismara, Daniele"]
[Result "0-1"]
[WhiteElo "2150"]
[BlackElo "2205"]

1.e4 c5 2.Nf3 d6 3.Bb5+ Bd7 4.Bxd7+ Qxd7 5.O-O Nc6 6.Re1 Nf6 7.c3 e6 8.d4 cxd4
9.cxd4 d5 10.e5 Ne4 11.Nbd2 Nxd2 12.Bxd2 Be7 13.a3 O-O 14.b4 a6 15.Bg5 Rfc8
16.Qd3 Bf8 17.Rec1 Na7 18.Rxc8 Rxc8 19.Rc1 h6 20.Bd2 Rxc1+ 21.Bxc1 Qc6 22.Bb2 Qc4
23.Qxc4 dxc4 24.Nd2 b5 25.Ne4 Nc8 26.Nc5 Bxc5 27.dxc5 Ne7 28.Kf1 Kf8 29.Ke2 Nd5
30.Bc1 Ke7 31.Bd2 Kd7 32.f4 Kc6 33.g3 Ne7 34.Kf3 Kd5 35.Bc3 h5 36.h3 Nf5
37.Bb2 a5 38.Bc3 a4 39.Bb2 Ne7 40.Ke3 Nf5+ 41.Kf3 c3 42.Bxc3 Kc4 43.Ba1 Kb3
44.g4 hxg4+ 45.hxg4 Ne7 46.Ke4 g6 47.f5 Kxa3 48.fxe6 fxe6 49.Kf4 Kxb4 50.Kg5 Kxc5
51.Kf6 Nd5+ 52.Kxg6 a3  0-1

[Event "Ceske Budejovice op"]
[Site "Ceske Budejovice"]
[Date "1997.??.??"]
[Round "1"]
[White "Chernyshov, Konstantin"]
[Black "Hitzgerova, Gabriela"]
[Result "1-0"]
[WhiteElo "2445"]
[BlackElo "2195"]

1.e4 c5 2.Nf3 d6 3.Bb5+ Bd7 4.Bxd7+ Qxd7 5.c4 Nc6 6.O-O g6 7.d4 cxd4 8.Nxd4 Bg7
9.Be3 Nf6 10.f3 O-O 11.Nc3 Rfc8 12.b3 Rab8 13.Rc1 a6 14.Nxc6 Rxc6 15.Nd5 b5
16.Nb4 Rcc8 17.Nxa6 Rb7 18.cxb5 Rxb5 19.b4 Rb7 20.a4 Ra8 21.b5 Ne8 22.Qd3 Bf6
23.Rfd1 Rd8 24.Qc2 Ng7 25.Nc5  1-0

[Event "Ceske Budejovice op"]
[Site "Ceske Budejovice"]
[Date "1997.??.??"]
[Round "5"]
[White "Kucera, Petr"]
[Black "Vacek, Radomir"]
[Result "1-0"]
[WhiteElo "2365"]
[BlackElo "2245"]

1.e4 c5 2.Nf3 d6 3.Bb5+ Bd7 4.Bxd7+ Qxd7 5.O-O g6 6.c3 Bg7 7.d4 b6 8.Re1 Nc6
9.d5 Ne5 10.Nxe5 dxe5 11.a4 Nf6 12.Bg5 Nh5 13.c4 O-O 14.Nc3 Bf6 15.Be3 Rfb8
16.g4 Nf4 17.Bxf4 exf4 18.e5 Bg7 19.Qf3 g5 20.h4 f5 21.e6 fxg4 22.Qxg4 Qb7
23.hxg5 Rf8 24.f3 a6 25.Re2 Qb8 26.Ne4 Ra7 27.d6 Qe8 28.d7 Qg6 29.Rd1 Raa8
30.Nf6+ Kh8 31.Nd5 Bd4+ 32.Kh1 Rf5 33.Nxe7  1-0

[Event "Ceske Budejovice op"]
[Site "Ceske Budejovice"]
[Date "1997.??.??"]
[Round "5"]
[White "Vokac, Marek"]
[Black "Jirovsky, Pavel"]
[Result "1-0"]
[WhiteElo "2480"]
[BlackElo "2355"]

1.e4 c5 2.Nf3 d6 3.Bb5+ Bd7 4.Bxd7+ Qxd7 5.c4 Nc6 6.O-O Nf6 7.Nc3 g6 8.d4 cxd4
9.Nxd4 Bg7 10.Nf3 O-O 11.Bg5 Rfc8 12.Qe2 Qe6 13.Rad1 Ne5 14.b3 Nxf3+ 15.Qxf3 Qe5
16.Bh4 Re8 17.Bxf6 Qxf6 18.Qxf6 Bxf6 19.Nd5 Rad8 20.Nxf6+ exf6 21.f3 Re5
22.Rd4 Kf8 23.Rfd1 Ke7 24.f4 Rc5 25.a4 Rc6 26.R1d3 h5 27.Kf2 a6 28.Ke3 Rb8
29.Kd2 b5 30.cxb5 axb5 31.Rc3 Rxc3 32.Kxc3 bxa4 33.bxa4 Rb1 34.g3 Ke6 35.a5 Ra1
36.Kb4 Ra2 37.h4 Ra1 38.Kb5 f5 39.exf5+ gxf5 40.a6 Kd7 41.Ra4 Rb1+ 42.Rb4 Ra1
43.Kb6 d5 44.a7 Kd6 45.Rb5 d4 46.Ra5  1-0

[Event "Chemnitz op"]
[Site "Chemnitz"]
[Date "1997.??.??"]
[Round "5"]
[White "Boehnisch, Manfred"]
[Black "Watzke, Birger"]
[Result "1-0"]
[WhiteElo "2315"]
[BlackElo "2175"]

1.e4 c5 2.Nf3 d6 3.Bb5+ Nc6 4.Bxc6+ bxc6 5.O-O e6 6.b3 d5 7.Nc3 Ne7 8.Re1 Ng6
9.Na4 Be7 10.Ba3 Qa5 11.d3 c4 12.Bxe7 Kxe7 13.Nd4 Bd7 14.Qh5 cxd3 15.cxd3 h6
16.Rac1 Rhc8 17.Nc5 dxe4 18.Rxe4 Qd2 19.Rc2 Qg5 20.Nf5+ Kd8 21.Qxg5+ hxg5
22.Nd6 f5 23.Nxe6+ Ke7 24.Nxf5+ Kf6 25.Nfxg7 Ne5  1-0

[Event "Cherkessk"]
[Site "Cherkessk"]
[Date "1997.??.??"]
[Round "11"]
[White "Nadyrhanov, S."]
[Black "Lobzhanidze, Davit"]
[Result "1/2-1/2"]
[WhiteElo "2480"]
[BlackElo "2375"]

1.e4 c5 2.Nf3 d6 3.Bb5+ Nc6 4.c3 Nf6 5.Qe2 Bd7 6.O-O a6 7.Ba4 e5 8.h3 b5
9.Bc2 Be7 10.a4 b4 11.d4 cxd4 12.cxd4 exd4 13.Nbd2 Be6 14.Nb3 Bxb3 15.Bxb3 O-O
16.Rd1 Qb6 17.Bg5 Rae8 18.Rac1 Nd7 19.Bd5 Nc5 20.Bf4 d3 21.Qe3 Nb8 22.Rxd3 Nxa4
23.Nd4 Bf6 24.Nf5 Qxe3 25.Rxe3 Bxb2 26.Rc7 Be5 27.Bxe5 dxe5 28.Nd6 Rd8 29.Rf3 Nb6
30.Bxf7+ Kh8 31.Rd3 Rd7 32.Rxd7 N8xd7 33.Ba2 g6 34.Nf7+ Kg7 35.Ng5 Rc8 36.Rf3 Nf6
37.Ne6+ Kf7 38.Nc7+ Ke7 39.Nxa6 Rc1+ 40.Kh2 Nxe4 41.Rf7+ Kd6 42.Nxb4 Rd1
43.f3 Nd2 44.Rf6+ Kc5 45.Na6+ Kb5 46.Nc7+ Ka5 47.Bg8 e4 48.fxe4 Nf1+  1/2-1/2

[Event "Chicago op"]
[Site "Chicago"]
[Date "1997.??.??"]
[Round "1"]
[White "Wygle, Steve"]
[Black "De Firmian, Nick E"]
[Result "0-1"]
[WhiteElo "2315"]
[BlackElo "2575"]

1.e4 c5 2.Nf3 d6 3.Bb5+ Bd7 4.Bxd7+ Nxd7 5.O-O Ngf6 6.Re1 e6 7.c4 Be7 8.Nc3 a6
9.d4 cxd4 10.Qxd4 O-O 11.Bg5 Qc7 12.Rac1 Rfd8 13.Qd3 h6 14.Bd2 Ne5 15.Nxe5 dxe5
16.Qe2 Bc5 17.Red1 Bd4 18.b3 Qc6 19.Qf3 Rd7 20.g4 Rad8 21.g5 Bxc3 22.Bxc3 hxg5
23.Rxd7 Rxd7 24.Re1 g4 25.Qe3 Qd6 26.Qg5 Nh7 27.Qxg4 f6 28.Kg2 Nf8 29.Re2 Qd1
30.Bb4 Rd4 31.Bc5 Rd2  0-1

[Event "Chicago op"]
[Site "Chicago"]
[Date "1997.??.??"]
[Round "3"]
[White "Gratz, Glen"]
[Black "Shahade, Gregory"]
[Result "1-0"]
[WhiteElo "2210"]
[BlackElo "2325"]

1.e4 c5 2.Nf3 d6 3.Bb5+ Bd7 4.a4 g6 5.O-O Bg7 6.Re1 Nf6 7.e5 dxe5 8.Nxe5 O-O
9.Qf3 Be6 10.Nc3 Nd5 11.Nxd5 Bxd5 12.Qe3 a6 13.Bf1 Qd6 14.Ra3 Bxe5 15.Qxe5 Qxe5
16.Rxe5 e6 17.Rh3 Nc6 18.Ree3 Rfd8 19.c4 Nd4 20.cxd5 Rxd5 21.b3 b5 22.Bb2 bxa4
23.bxa4 Rb8 24.Bc3 Rb1 25.f4 Nb3 26.Kf2 Nxd2 27.Bd3 Rd1 28.Ke2 Rg1 29.Kxd2 c4
30.Re2 Rf1 31.Be5 f6 32.Bxf6 Rxf4 33.Be5 cxd3 34.Bxf4 dxe2+ 35.Kxe2 Rd4 36.Bh6 Re4+
37.Kf2 Kf7 38.Rf3+ Ke7 39.Rf4 Re5 40.Bf8+ Kd7 41.Bb4  1-0

[Event "Ciego de Avila"]
[Site "Ciego de Avila"]
[Date "1997.??.??"]
[Round "6"]
[White "Arribas, Maritza"]
[Black "Rivera, Alberto"]
[Result "1/2-1/2"]
[WhiteElo "2295"]
[BlackElo "2420"]

1.e4 c5 2.Nf3 d6 3.Bb5+ Bd7 4.Bxd7+ Qxd7 5.O-O Nf6 6.e5 dxe5 7.Nxe5 Qc7 8.Re1 e6
9.Nc3 Nbd7 10.Nxd7 Qxd7 11.d3 Be7 12.Qf3 O-O 13.Bg5 Rfd8 14.Re2 Rac8 15.Rae1 Nd5
16.Bxe7 Nxe7 17.Re4 Nf5 18.Rg4 Kh8 19.Qf4 Nd4 20.Qc1 h6 21.Rh4 Nf5 22.Rh3 Rc6
23.Re5 Qd4 24.Re4 Qf6 25.Qf4 Kh7 26.Re5 c4 27.g4 cxd3 28.Rxd3 Rxd3 29.cxd3 Nh4
30.Qxf6 gxf6 31.Re3 Rb6 32.b3 Rc6 33.d4 Kg7 34.f3 Rd6 35.Ne2 Ra6 36.Nc3 Rd6
37.Ne2 Rc6 38.Nc3 Ng6 39.Kf2 Rd6 40.Ne2 Ne7 41.Nf4 Kf8 42.Rd3 Nc6 43.Ke3 Nb4
44.Rd2 Ra6 45.a4 Rc6 46.Ne2 Ke7 47.Rd1 Nd5+ 48.Kd2 Rb6 49.Rb1 Rb4 50.Kd3 a5
51.Kc2 Kd6 52.Nc3 Nxc3 53.Kxc3 b5 54.axb5 Rxb5 55.Re1 f5 56.h3 f6 57.Kc4 Rd5
58.f4 Ke7 59.Re2 Kf7 60.Re1 fxg4 61.hxg4 f5 62.gxf5 Rxf5 63.Rh1 h5 64.Rh3 Kg6
65.Rg3+ Kf6 66.Rh3 Kg6 67.Rg3+ Kh6 68.Re3 h4 69.Rxe6+ Kh5 70.d5 Rxf4+ 71.Kc5 Rf5
72.Kc6 Rf3 73.d6 Rc3+ 74.Kd5 Rxb3 75.Re5+ Kg6 76.Ke6 h3 77.d7 Rd3 78.Ke7 h2
79.Re1 Kg5 80.Rh1 Re3+ 81.Kf7 Rd3  1/2-1/2

[Event "Capablanca mem mixed"]
[Site "Cienfuegos"]
[Date "1997.??.??"]
[Round "1"]
[White "Fandino, Roquelina"]
[Black "Ribeiro, Fernando"]
[Result "1/2-1/2"]
[WhiteElo "2205"]
[BlackElo "2305"]

1.e4 c5 2.Nf3 d6 3.Bb5+ Nc6 4.O-O Bd7 5.c3 a6 6.Bxc6 Bxc6 7.Re1 Nf6 8.d4 Bxe4
9.Bg5 Bxb1 10.Rxb1 e6 11.Bxf6 gxf6 12.d5 Qd7 13.Qe2 e5 14.b4 Be7 15.bxc5 O-O
16.cxd6 Bxd6 17.Nd2 b5 18.Ne4 Be7 19.d6 Bd8 20.Red1 Rc8 21.Rd5 Rc4 22.Rbd1 Qf5
23.Ng3 Qd7 24.Qe3 Kh8 25.Ne4 Rg8 26.h3 Qf5 27.Ng3 Qd7  1/2-1/2

[Event "Capablanca mem mixed"]
[Site "Cienfuegos"]
[Date "1997.??.??"]
[Round "8"]
[White "Fandino, Roquelina"]
[Black "Larduet, Carlos"]
[Result "1/2-1/2"]
[WhiteElo "2205"]
[BlackElo "2310"]

1.e4 c5 2.Nf3 d6 3.Bb5+ Bd7 4.Bxd7+ Nxd7 5.O-O Ngf6 6.Re1 e6 7.c3 Be7 8.d4 O-O
9.Bg5 cxd4 10.cxd4 d5 11.e5 Ne4 12.Bxe7 Qxe7 13.Nfd2 Nxd2 14.Nxd2 h6 15.Rc1 Rac8
16.Qb3 Nb6  1/2-1/2

[Event "Capablanca mem mixed"]
[Site "Cienfuegos"]
[Date "1997.??.??"]
[Round "12"]
[White "Arribas, Maritza"]
[Black "Ribeiro, Fernando"]
[Result "1/2-1/2"]
[WhiteElo "2270"]
[BlackElo "2305"]

1.e4 c5 2.Nf3 d6 3.Bb5+ Nd7 4.O-O Nf6 5.Re1 a6 6.Bf1 Ne5 7.Nxe5 dxe5 8.b3 e6
9.Bb2 Qc7 10.a4 b6 11.Na3 Bb7 12.d3  1/2-1/2

[Event "KS Sommerskak op"]
[Site "Copenhagen"]
[Date "1997.??.??"]
[Round "?"]
[White "Nilsson, Nils Specht"]
[Black "Bekker Jensen, Simon"]
[Result "1/2-1/2"]
[WhiteElo "2225"]
[BlackElo "2230"]

1.e4 c5 2.Nf3 d6 3.Bb5+ Bd7 4.a4 Nc6 5.O-O Nf6 6.Re1 a6 7.Bxc6 Bxc6 8.e5 dxe5
9.Nxe5 Qd5 10.Nxc6 Qxc6 11.d3 e6 12.Nd2 Be7 13.b3 O-O 14.Bb2 Rae8 15.a5 Nd5
16.Ra4 Bf6 17.Bxf6 Nxf6 18.Rh4 Rd8 19.Re3 Rd4 20.Reh3 Rxh4 21.Rxh4 Rd8 22.Qf3 Qd5
23.g3 Rd7 24.Kg2 Qe5 25.Rc4 Rc7 26.d4 Qd6 27.Ne4 Nxe4 28.Qxe4 cxd4 29.Rxd4 Qe7
30.Qd3 g6 31.c4 Kg7 32.Rd8 e5 33.h4 Qf6 34.Rd6 e4 35.Rxf6 exd3 36.Rd6 Rc5
37.Rxd3 Rxa5 38.Rd7 b5 39.c5 b4 40.c6 Rc5 41.c7 a5 42.f4 Kf6 43.f5 gxf5 44.Rd6+ Ke7
45.Rd5 Rxc7 46.Rxa5 Rc2+ 47.Kf3 Rc3+ 48.Kf4 Rxb3 49.Rb5 Ke6 50.Re5+ Kd6 51.Rxf5 Rc3
52.Rxf7 Rc7 53.Rf8 Rb7 54.Kg5 b3 55.Rf1 Rg7+ 56.Kh6 Rxg3 57.h5 Rh3 58.Rb1 Kd5
59.Kg7 Rxh5 60.Rxb3  1/2-1/2

[Event "Corsica rap op"]
[Site "Corsica"]
[Date "1997.??.??"]
[Round "2"]
[White "Marciano, David"]
[Black "Dorfman, Josif D"]
[Result "1/2-1/2"]
[WhiteElo "2470"]
[BlackElo "2600"]

1.e4 c5 2.Nf3 d6 3.Bb5+ Bd7 4.Bxd7+ Qxd7 5.c4 Nc6 6.Nc3 g6 7.d4 cxd4 8.Nxd4 Bg7
9.Nde2 Nf6 10.O-O O-O 11.f3 Qd8 12.Kh1 a6 13.a4 Rc8 14.Rb1 Nd7 15.b3 Re8
16.Be3 Qa5 17.Qd2 Nc5 18.Rfd1 Ne6 19.Qc1 Nc5 20.Nd5 Nd7 21.Qa3 Bf8 22.Qb2 Bg7
23.Qa3 Bf8  1/2-1/2

[Event "Corsica rap op"]
[Site "Corsica"]
[Date "1997.??.??"]
[Round "9"]
[White "Marciano, David"]
[Black "Rouchouse, Stevens"]
[Result "1/2-1/2"]
[WhiteElo "2470"]
[BlackElo "2175"]

1.e4 c5 2.Nf3 d6 3.Bb5+ Bd7 4.Bxd7+ Nxd7 5.O-O Ngf6 6.Qe2 g6 7.c3 Bg7 8.d4 e5
9.dxe5 dxe5 10.Nbd2 O-O 11.Nc4 Qc7 12.a4 Rfe8 13.Rd1 b6 14.Nd6 Re6 15.Nb5 Qb7
16.Ng5 Re7 17.Nd6 Qc7 18.a5 bxa5 19.Nb5 Qb6 20.Nd6 Qc7 21.Qc4 Nb6 22.Qe2  1/2-1/2

[Event "Corsico op"]
[Site "Corsico"]
[Date "1997.??.??"]
[Round "3"]
[White "Caruso, Daniele"]
[Black "Radice, Luca"]
[Result "1/2-1/2"]
[WhiteElo "2150"]
[BlackElo "2075"]

1.e4 c5 2.Nf3 d6 3.Bb5+ Bd7 4.Bxd7+ Qxd7 5.c4 Nf6 6.Nc3 g6 7.d4 cxd4 8.Nxd4 Bg7
9.f3 Nc6 10.Be3 Rc8 11.b3 O-O 12.O-O e6 13.Rc1 d5 14.Nxc6 bxc6 15.cxd5 cxd5
16.exd5 exd5 17.Bd4 Rcd8 18.Re1 Qb7 19.Qd3 a6 20.Na4 Rfe8 21.Qc3 Nh5 22.Rxe8+ Rxe8
23.Bxg7 Nxg7 24.Nc5 Qb6 25.Kh1 Qd6 26.b4 d4 27.Qd3 a5 28.Ne4 Qf4 29.Rc6 Kh8
30.bxa5 f5 31.g3 fxe4 32.fxe4 Qxe4+ 33.Qxe4 Rxe4 34.Rc8+ Ne8 35.a6 Re7 36.a7 Rxa7
37.Rxe8+ Kg7 38.Re2 Kf6 39.Kg2 Ra3 40.Kf2 d3 41.Rd2 Ke5 42.Ke3 h5 43.h3 Kf5
44.Kd4 Ra4+ 45.Ke3  1/2-1/2

[Event "Union de Reyes"]
[Site "CUB"]
[Date "1997.??.??"]
[Round "?"]
[White "De la Paz, Frank"]
[Black "Cabrera, Alexis"]
[Result "1/2-1/2"]
[WhiteElo "2395"]
[BlackElo "2305"]

1.e4 c5 2.Nf3 d6 3.Bb5+ Bd7 4.Bxd7+ Qxd7 5.O-O Nc6 6.b3 Nf6 7.Re1 e6 8.Bb2 Be7
9.c4 O-O 10.d4 cxd4 11.Nxd4 a6 12.Nc3 Rfd8 13.Nc2 b6 14.Qe2 Qb7 15.Rab1 b5
16.Ne3 bxc4 17.Qxc4 Nb4 18.a3 d5 19.exd5 Rac8 20.Qe2 Nbxd5 21.Ncxd5 Nxd5
22.Qf3 Qb8 23.Nc4 Qf4 24.Qe2 Qg5 25.Rbd1 Bf6 26.Bxf6 Qxf6 27.Ne3 Nxe3 28.Qxe3 Qb2  1/2-1/2